Novel coupling agents for silica-filled rubbers with superior processing safety and improved hysteresis of the vulcanizates (Record no. 64088)

MARC details
000 -LEADER
fixed length control field 00628nam a2200205Ia 4500
100 ## - MAIN ENTRY--AUTHOR NAME
Personal name Gerster M
245 #0 - TITLE STATEMENT
Title Novel coupling agents for silica-filled rubbers with superior processing safety and improved hysteresis of the vulcanizates
260 ## - PUBLICATION, DISTRIBUTION, ETC. (IMPRINT)
Name of publisher Tire Science and Technology
Year of publication 2010
300 ## - PHYSICAL DESCRIPTION
Number of Pages 80-98
500 ## - GENERAL NOTE
General note Source Year: 2010
650 ## - SUBJECT ADDED ENTRY--TOPICAL TERM
Topical Term Coupling agents
650 ## - SUBJECT ADDED ENTRY--TOPICAL TERM
Topical Term Hysteresis
650 ## - SUBJECT ADDED ENTRY--TOPICAL TERM
Topical Term Monofunctional silane
650 ## - SUBJECT ADDED ENTRY--TOPICAL TERM
Topical Term Processing safety
650 ## - SUBJECT ADDED ENTRY--TOPICAL TERM
Topical Term Silica-filled rubber compounds
700 ## - ADDED ENTRY--PERSONAL NAME
Personal name Fagouri C
700 ## - ADDED ENTRY--PERSONAL NAME
Personal name Peregi E
942 ## - ADDED ENTRY ELEMENTS (KOHA)
Koha item type Journals
Holdings
Withdrawn status Lost status Damaged status Not for loan Home library Current library Shelving location Date acquired Serial Enumeration / chronology Koha item type
      Journals RRII Library RRII Library Rubber technology 17/01/2011 Volume 38, Issue 1 Journals